[Event "Dormagen- Köln 2"]
[Site "?"]
[Date "2024.02.04"]
[Round "5.6"]
[White "Wimmer, Juergen"]
[Black "Maric, Boris"]
[Result "1/2-1/2"]
[WhiteElo "2204"]
[BlackElo "2072"]
[PlyCount "95"]
[EventDate "2024.??.??"]
[SourceVersionDate "2020.03.16"]

1. d4 Nf6 2. Nf3 b6 3. g3 Bb7 4. Bg2 e6 5. O-O Be7 6. c4 O-O 7. Nc3 Ne4 8. Qc2 Nxc3 9. Qxc3 d6 10. Qd3 Nd7 11. Ng5 Bxg5 12. Bxb7 Rb8 13. Bc6 Bxc1 14. Raxc1 Qe7 15. b4 Rbd8 16. e3 f5 17. Rfe1 Kh8 18. Qa3 Nb8 19. Bf3 a6 20. c5 e5 21. Qc3 bxc5 22. bxc5 Qf6 23. c6 e4 24. Bd1 d5 25. f4 exf3 26. Rf1 g5 27. Rxf3 Qh6 28. Ba4 f4 29. exf4 gxf4 30. Qd2 Rf6 31. Rcf1 Nxc6 32. Bxc6 Rxc6 33. Rxf4 Re6 34. Qc2 c6 35. Kg2 Rde8 36. R1f2 Qg6 37. Qc5 Re2 38. h4 Rxf2+ 39. Rxf2 Kg8 40. Rf4 Re2+ 41. Kh3 Qe6+ 42. Rg4+ Kf7 43. Qa7+ Ke8 44. Qxh7 Rh2+ 45. Kxh2 Qe2+ 46. Kg1 Qe1+ 47. Kg2 Qe2+ 48. Kg1 1/2-1/2

[Event "Dormagen- Köln 2"]
[Site "?"]
[Date "2024.02.04"]
[Round "5.7"]
[White "Pfaar, Zeno"]
[Black "Lafosse, Jimmy"]
[Result "1/2-1/2"]
[WhiteElo "1946"]
[BlackElo "2193"]
[PlyCount "75"]
[EventDate "2024.??.??"]
[SourceVersionDate "2020.03.16"]

1. e4 d5 2. exd5 Nf6 3. d4 Bg4 4. Bb5+ Bd7 5. Be2 Nxd5 6. c4 Nf6 7. Nf3 c5 8. d5 Qc7 9. Nc3 g6 10. O-O Bg7 11. Bg5 O-O 12. Qd2 a6 13. Rfe1 Re8 14. Bf1 Qd6 15. a3 Bg4 16. Bf4 Qd8 17. Ne5 Nbd7 18. h3 Nxe5 19. hxg4 Ned7 20. Be2 Nb6 21. Rab1 Rc8 22. Qd3 Qd7 23. b4 e5 24. dxe6 Rxe6 25. bxc5 Qxd3 26. Bxd3 Rxe1+ 27. Rxe1 Nbd7 28. Na4 Nxg4 29. Be4 Nxc5 30. Nxc5 Rxc5 31. Bd6 Rxc4 32. Bd5 Rc8 33. Bxb7 Rd8 34. Bc5 Bd4 35. Bxd4 Rxd4 36. Bxa6 Ra4 37. Be2 Nf6 38. Ra1 1/2-1/2

[Event "Dormagen- Köln 2 "]
[Site "?"]
[Date "2024.02.04"]
[Round "5.8"]
[White "Juegel, Marcel"]
[Black "Goldenstein, Arnd"]
[Result "1-0"]
[WhiteElo "2096"]
[BlackElo "1879"]
[PlyCount "55"]
[EventDate "2024.??.??"]
[SourceVersionDate "2020.03.16"]

1. d4 d5 2. Nc3 Nf6 3. Bf4 a6 4. e3 e6 5. g4 c5 6. Qf3 Qb6 7. O-O-O Nc6 8. dxc5 Qxc5 9. g5 Nd7 10. Nxd5 exd5 11. Rxd5 Qb6 12. Qe4+ Be7 13. Bd6 O-O 14. Bd3 g6 15. Bxe7 Re8 16. Bc5 Nxc5 17. Qxe8+ Kg7 18. Bc4 Qb4 19. b3 Be6 20. Qxa8 Ne4 21. Ne2 Qa3+ 22. Kd1 Nxf2+ 23. Ke1 Nxh1 24. Kf1 Bh3+ 25. Ke1 Qb2 26. Qxb7 Ne5 27. Rxe5 Qa1+ 28. Kd2 1-0

[Event "Düsseldorf-Süd - Rheinhausen"]
[Site "?"]
[Date "2024.02.04"]
[Round "5.1"]
[White "Heinert, Eugen"]
[Black "Gula, Julian"]
[Result "0-1"]
[WhiteElo "2136"]
[BlackElo "2142"]
[PlyCount "82"]
[EventDate "2024.??.??"]
[SourceVersionDate "2020.03.16"]

1. d4 d5 2. Nf3 e6 3. c4 c6 4. Qc2 Bd6 5. Nbd2 f5 6. g3 Nf6 7. Bg2 O-O 8. O-O Nbd7 9. b3 Qe7 10. Bb2 Ne4 11. Ne5 c5 12. e3 Ndf6 13. Ndf3 b6 14. Rfd1 Ba6 15. Rac1 Rac8 16. Qb1 cxd4 17. exd4 Ng4 18. Rc2 dxc4 19. Nxc4 b5 20. Nxd6 Qxd6 21. Rdc1 Rxc2 22. Rxc2 Rc8 23. Bc1 Rxc2 24. Qxc2 Ngxf2 25. Bf4 Qd7 26. Bf1 Ng4 27. a4 Nd6 28. h3 Bb7 29. Be2 Nf6 30. Ne5 Qd8 31. Nc6 Qb6 32. Bxd6 Bxc6 33. Bc5 Qc7 34. Kh2 Ne4 35. Qd3 bxa4 36. bxa4 f4 37. Bg4 fxg3+ 38. Kg1 Qf7 39. Qf3 Nxc5 40. Qxf7+ Kxf7 41. dxc5 a5 0-1

[Event "Düsseldorf-Süd - Rheinhausen"]
[Site "?"]
[Date "2024.02.04"]
[Round "5.2"]
[White "Kontorovitch, Vladimir"]
[Black "Feldhaus, Sebastian"]
[Result "1/2-1/2"]
[WhiteElo "2089"]
[BlackElo "2083"]
[PlyCount "55"]
[EventDate "2024.??.??"]
[SourceVersionDate "2020.03.16"]

1. e4 e5 2. Nf3 Nf6 3. Nc3 Bb4 4. Bc4 Bxc3 5. dxc3 O-O 6. O-O d6 7. Re1 Be6 8. Bf1 h6 9. h3 Nbd7 10. c4 Nh7 11. g3 Qc8 12. b3 Nc5 13. Ba3 Bxh3 14. Bxc5 dxc5 15. Nxe5 Bxf1 16. Rxf1 Rd8 17. Qe2 Qe6 18. Nd3 b6 19. f4 Qh3 20. Qg2 Qxg2+ 21. Kxg2 Nf8 22. Rad1 Rd4 23. Kf3 Rad8 24. Ke3 f6 25. c3 R4d7 26. Nf2 Kf7 27. Rxd7+ Rxd7 28. Nd3 1/2-1/2

[Event "Düsseldorf-Süd - Rheinhausen"]
[Site "?"]
[Date "2024.02.04"]
[Round "5.3"]
[White "Heinert, Alex"]
[Black "Hoffmann, Andre"]
[Result "1-0"]
[WhiteElo "2072"]
[BlackElo "1991"]
[PlyCount "77"]
[EventDate "2024.??.??"]
[SourceVersionDate "2020.03.16"]

1. e4 c6 2. d4 d5 3. Nc3 dxe4 4. Nxe4 Nf6 5. Nxf6+ exf6 6. Bf4 Bd6 7. Bxd6 Qxd6 8. c3 O-O 9. Be2 Re8 10. Nf3 Qe7 11. Qd2 Kf8 12. Kf1 Be6 13. b3 a5 14. Re1 Qa3 15. c4 Na6 16. d5 cxd5 17. cxd5 Bf5 18. Nd4 Be4 19. Bc4 Rad8 20. Nb5 Qb4 21. Nc3 Bf5 22. Rxe8+ Kxe8 23. g3 Bh3+ 24. Ke2 Nc7 25. a4 Kf8 26. Rd1 Re8+ 27. Kf3 f5 28. Re1 Rxe1 29. Qxe1 Ne8 30. Qe5 Nd6 31. Qd4 f6 32. Ke2 Qa3 33. Nb1 Bg4+ 34. f3 Qa2+ 35. Nd2 Nxc4 36. bxc4 Bh5 37. d6 Ke8 38. Qe3+ Kf7 39. d7 1-0

[Event "Düsseldorf-Süd - Rheinhausen"]
[Site "?"]
[Date "2024.02.04"]
[Round "5.4"]
[White "Reinartz, Achim"]
[Black "Rohfleisch, Daniel"]
[Result "1/2-1/2"]
[WhiteElo "1915"]
[BlackElo "1935"]
[PlyCount "37"]
[EventDate "2024.??.??"]
[SourceVersionDate "2020.03.16"]

1. d4 Nf6 2. Nf3 d5 3. c4 e6 4. Nc3 Be7 5. Bf4 O-O 6. e3 b6 7. cxd5 exd5 8. Bd3 Bg4 9. h3 Bh5 10. O-O c5 11. Be2 Ne4 12. Rc1 Nxc3 13. Rxc3 c4 14. Ne5 Bxe2 15. Qxe2 f6 16. Nf3 Nc6 17. Rxc4 dxc4 18. Qxc4+ Rf7 19. Qxc6 1/2-1/2

[Event "Düsseldorf-Süd - Rheinhausen"]
[Site "?"]
[Date "2024.02.04"]
[Round "5.5"]
[White "Liedmann, Dennis"]
[Black "Jaeckel, Norbert"]
[Result "1/2-1/2"]
[WhiteElo "1973"]
[BlackElo "1855"]
[PlyCount "54"]
[EventDate "2024.??.??"]
[SourceVersionDate "2020.03.16"]

1. d4 Nf6 2. Nf3 e6 3. e3 d5 4. Bd3 Bd6 5. O-O O-O 6. Nbd2 c5 7. c3 Nc6 8. Qe2 Qe7 9. e4 dxe4 10. Nxe4 Nxe4 11. Qxe4 f5 12. Qe2 cxd4 13. cxd4 Bd7 14. Bd2 e5 15. Bc4+ Kh8 16. d5 Nd4 17. Nxd4 exd4 18. Qd3 Qe5 19. f4 Qf6 20. b4 Bc7 21. a4 a6 22. a5 Rae8 23. Qf3 Bb8 24. Ra3 Ba7 25. Rc1 Rc8 26. Qf1 Rfe8 27. Rd3 Re4 1/2-1/2

[Event "Düsseldorf-Süd - Rheinhausen"]
[Site "?"]
[Date "2024.02.04"]
[Round "5.6"]
[White "Hamm, Norbert"]
[Black "Jentzsch, David"]
[Result "1/2-1/2"]
[WhiteElo "1926"]
[BlackElo "1924"]
[PlyCount "55"]
[EventDate "2024.??.??"]
[SourceVersionDate "2020.03.16"]

1. d4 d5 2. c4 e6 3. Nc3 Nf6 4. cxd5 exd5 5. Bg5 Be7 6. e3 O-O 7. Bd3 Nbd7 8. Nge2 c6 9. Qc2 Re8 10. O-O h6 11. Bh4 Nh5 12. Bxe7 Qxe7 13. Rae1 Ndf6 14. h3 Ne4 15. Bxe4 dxe4 16. Ng3 Nf6 17. f3 exf3 18. Rxf3 Be6 19. e4 Rad8 20. Rd1 Qb4 21. Rfd3 Rd7 22. Qf2 Red8 23. e5 Ne8 24. Nge4 b6 25. b3 Bd5 26. Ng3 Be6 27. Nge4 Bd5 28. Ng3 1/2-1/2

[Event "Düsseldorf-Süd - Rheinhausen"]
[Site "?"]
[Date "2024.02.04"]
[Round "5.7"]
[White "Scharrenbroich, Andreas"]
[Black "Heinzel, Thomas"]
[Result "1/2-1/2"]
[WhiteElo "1699"]
[BlackElo "1746"]
[PlyCount "47"]
[EventDate "2024.??.??"]
[SourceVersionDate "2020.03.16"]

1. e4 c5 2. Nf3 e6 3. d4 cxd4 4. Nxd4 a6 5. Be3 Qc7 6. Nd2 Nf6 7. g3 b6 8. Bg2 Bb7 9. O-O Be7 10. c3 O-O 11. h3 d5 12. Qc2 Nbd7 13. f4 dxe4 14. Nxe4 Nxe4 15. Bxe4 Bxe4 16. Qxe4 Nf6 17. Qc6 Rac8 18. Qxc7 Rxc7 19. Kg2 Nd5 20. Bg1 b5 21. a3 Rb8 22. Rfe1 g6 23. Nb3 Rbc8 24. Bd4 1/2-1/2

[Event "Kamp-Lintfort - Kleve"]
[Site "?"]
[Date "2024.02.04"]
[Round "5.1"]
[White "Bruil, Rembrandt"]
[Black "Schneider, Christoph"]
[Result "1-0"]
[WhiteElo "2276"]
[BlackElo "2028"]
[PlyCount "77"]
[EventDate "2024.??.??"]
[SourceVersionDate "2020.03.16"]

1. Nf3 c5 2. c4 Nc6 3. g3 g6 4. Bg2 Bg7 5. O-O d6 6. Nc3 e5 7. d3 Nge7 8. a3 O-O 9. Rb1 a5 10. Ne1 h6 11. Nc2 f5 12. b4 axb4 13. axb4 cxb4 14. Nxb4 Nxb4 15. Rxb4 Nc6 16. Rb1 Kh7 17. Nd5 Ra6 18. Bd2 Rf7 19. Nb4 Nxb4 20. Rxb4 Re7 21. Qb1 e4 22. dxe4 Ra1 23. Qc2 Rxf1+ 24. Kxf1 Qe8 25. Bf4 Be5 26. Bxe5 dxe5 27. exf5 Bxf5 28. Qb3 Bc8 29. Bxb7 Bh3+ 30. Ke1 Qd8 31. Bd5 Bc8 32. Rb6 Rg7 33. h4 h5 34. Qb4 Qe8 35. f3 Ra7 36. Qd6 Bf5 37. Rb8 Qe7 38. Qxe7+ Rxe7 39. Rb7 1-0

[Event "Kamp-Lintfort - Kleve "]
[Site "?"]
[Date "2024.02.04"]
[Round "5.2"]
[White "Hagen, Gunter"]
[Black "Verfuerth, Kevin"]
[Result "1-0"]
[WhiteElo "2136"]
[BlackElo "2033"]
[PlyCount "69"]
[EventDate "2024.??.??"]
[SourceVersionDate "2020.03.16"]

1. d4 Nf6 2. c4 e6 3. Nf3 d5 4. Nc3 Be7 5. Bf4 O-O 6. e3 Nbd7 7. Rc1 dxc4 8. Bxc4 a6 9. O-O Nh5 10. Be5 b5 11. Bd3 Bb7 12. Ne4 Nxe5 13. Nxe5 Nf6 14. Nc6 Bxc6 15. Nxf6+ Bxf6 16. Rxc6 g6 17. Qc2 e5 18. d5 e4 19. Bxe4 Re8 20. Bf3 Be5 21. g3 Bd6 22. e4 Qf6 23. Bg2 g5 24. f4 gxf4 25. gxf4 Qd4+ 26. Kh1 f6 27. Qc3 Qxc3 28. bxc3 Re7 29. c4 bxc4 30. Rxc4 Rb8 31. Ra4 Rb6 32. Bh3 Kg7 33. Be6 Rb4 34. Rg1+ Kh6 35. Ra3 1-0

[Event "Kamp-Lintfort - Kleve "]
[Site "?"]
[Date "2024.02.04"]
[Round "5.3"]
[White "Wiegersma, Justus"]
[Black "Westermann, Johannes"]
[Result "1-0"]
[WhiteElo "1989"]
[BlackElo "2069"]
[PlyCount "111"]
[EventDate "2024.??.??"]
[SourceVersionDate "2020.03.16"]

1. c4 e6 2. Nf3 d5 3. e3 Nf6 4. Nc3 Be7 5. b3 O-O 6. Bb2 c5 7. cxd5 exd5 8. d4 cxd4 9. Nxd4 Nc6 10. Be2 Qb6 11. Nxc6 bxc6 12. O-O Ba6 13. Rc1 Bxe2 14. Qxe2 a5 15. Rc2 Qa6 16. Rfc1 Rfc8 17. Qf3 Bf8 18. Qf5 Qb7 19. Rd1 Qd7 20. Qf3 Qg4 21. Qxg4 Nxg4 22. h3 Nf6 23. Na4 Nd7 24. e4 Rd8 25. exd5 cxd5 26. Rxd5 Nf6 27. Rxd8 Rxd8 28. Bxf6 gxf6 29. g3 Kg7 30. Kg2 Kg6 31. Nb6 Be7 32. Nc4 Ra8 33. Rd2 Ra7 34. a4 Bb4 35. Rd5 Bc3 36. g4 h6 37. h4 Rb7 38. h5+ Kg7 39. Rb5 Rd7 40. Nxa5 Rd4 41. f3 Rd2+ 42. Kf1 Ra2 43. Nc4 Bd4 44. Rd5 Ba7 45. Rd2 Ra1+ 46. Ke2 Rb1 47. Rb2 Rh1 48. b4 f5 49. b5 fxg4 50. fxg4 f5 51. gxf5 Rxh5 52. a5 Rxf5 53. b6 Bb8 54. a6 Rf7 55. Rb5 Kf6 56. Ra5 1-0

[Event "Kamp-Lintfort - Kleve "]
[Site "?"]
[Date "2024.02.04"]
[Round "5.4"]
[White "Bosser, Heinz-Dieter"]
[Black "Krebbers, Wilfried"]
[Result "1/2-1/2"]
[WhiteElo "2009"]
[BlackElo "2047"]
[PlyCount "35"]
[EventDate "2024.??.??"]
[SourceVersionDate "2020.03.16"]

1. d4 Nf6 2. c4 e6 3. Nc3 Bb4 4. Bd2 O-O 5. e3 d5 6. Nf3 c5 7. a3 cxd4 8. axb4 dxc3 9. Bxc3 dxc4 10. Bxc4 Qe7 11. Qb3 Ne4 12. O-O b6 13. Rfd1 Nxc3 14. bxc3 Nc6 15. Ba6 Bxa6 16. Rxa6 Rfd8 17. Raa1 Rxd1+ 18. Rxd1 1/2-1/2

[Event "Kamp-Lintfort - Kleve "]
[Site "?"]
[Date "2024.02.04"]
[Round "5.5"]
[White "Verfuerth, Thomas"]
[Black "Peschges, Paul"]
[Result "0-1"]
[WhiteElo "2006"]
[BlackElo "1858"]
[PlyCount "76"]
[EventDate "2024.??.??"]
[SourceVersionDate "2020.03.16"]

1. c4 Nf6 2. Nc3 e6 3. e4 d5 4. cxd5 exd5 5. e5 Ne4 6. d3 Nxc3 7. bxc3 d4 8. Bb2 c5 9. Nf3 Nc6 10. Be2 Be7 11. cxd4 cxd4 12. O-O O-O 13. Qd2 Qd7 14. Qf4 Rd8 15. Rac1 Qf5 16. Qxf5 Bxf5 17. Rxc6 bxc6 18. Nxd4 Bd7 19. Bf3 Rab8 20. Bc1 c5 21. Ba3 Bf8 22. Ne2 Bb5 23. Nf4 Bxd3 24. Re1 Bc4 25. h4 Bxa2 26. Re2 Bc4 27. Rc2 Rb1+ 28. Kh2 Bb3 29. Rc3 Rd4 30. g3 Rc4 31. Re3 Rc2 32. Be4 Rxf2+ 33. Kh3 Bc2 34. Bd5 Bf5+ 35. g4 Rxf4 36. gxf5 Rxf5 37. Be4 Rxe5 38. Kg2 g6 0-1

[Event "Kamp-Lintfort - Kleve "]
[Site "?"]
[Date "2024.02.04"]
[Round "5.6"]
[White "Esser, Jochen"]
[Black "Brandt, Thorsten"]
[Result "1/2-1/2"]
[WhiteElo "2006"]
[BlackElo "1903"]
[PlyCount "70"]
[EventDate "2024.??.??"]
[SourceVersionDate "2020.03.16"]

1. e4 e6 2. d4 d5 3. Nd2 c5 4. exd5 exd5 5. Bb5+ Nc6 6. Qe2+ Qe7 7. dxc5 Qxe2+ 8. Nxe2 Bxc5 9. Nb3 Bb6 10. a4 a6 11. Bxc6+ bxc6 12. a5 Ba7 13. Bf4 Nf6 14. f3 O-O 15. O-O-O Re8 16. Ned4 Bb7 17. Bd6 Nd7 18. Rhe1 g6 19. f4 c5 20. Nf3 f6 21. c3 Kf7 22. f5 Bc6 23. fxg6+ hxg6 24. Rxe8 Rxe8 25. Re1 Rxe1+ 26. Nxe1 Ke6 27. Bg3 Ba4 28. Nd2 Ne5 29. b3 Bd7 30. Bf2 Nc6 31. Nd3 Kd6 32. Bg3+ Ke7 33. Bf2 Kd6 34. Bg3+ Ke7 35. Bf2 Kd6 1/2-1/2

[Event "Kamp-Lintfort - Kleve "]
[Site "?"]
[Date "2024.02.04"]
[Round "5.7"]
[White "Auwens, Michel"]
[Black "Schubert, Mario"]
[Result "1-0"]
[WhiteElo "1804"]
[BlackElo "1819"]
[PlyCount "84"]
[EventDate "2024.??.??"]
[SourceVersionDate "2020.03.16"]

1. e4 c5 2. d4 cxd4 3. c3 d3 4. Bxd3 Nc6 5. Nf3 d6 6. Bc4 e6 7. O-O Be7 8. Qe2 Qc7 9. Bf4 Nf6 10. h3 O-O 11. Na3 a6 12. Rad1 e5 13. Bh2 b5 14. Bd3 Be6 15. c4 b4 16. Nc2 Qa5 17. Ne3 Rfc8 18. b3 Qc5 19. Nd5 Bd8 20. Bb1 a5 21. Qd2 Ne8 22. Kh1 a4 23. Bc2 axb3 24. Bxb3 Rcb8 25. Ne1 g5 26. Bg1 Qa5 27. f3 f6 28. c5 dxc5 29. Nxf6+ Bxf6 30. Bxe6+ Kf8 31. Nd3 Nd4 32. Bd5 Ra7 33. Bh2 Re7 34. Rc1 Rb5 35. Nf2 Qb6 36. Ng4 Qd6 37. h4 h6 38. Nxh6 gxh4 39. Ng4 Rh7 40. f4 Nc6 41. Nxf6 Nxf6 42. fxe5 Nxe5 1-0

[Event "Lasker Köln II - Porz 3"]
[Site "?"]
[Date "2024.02.04"]
[Round "5.2"]
[White "di Franco, Patricio"]
[Black "Kremser, Michael"]
[Result "1/2-1/2"]
[WhiteElo "2042"]
[BlackElo "1992"]
[PlyCount "93"]
[EventDate "2024.??.??"]
[SourceVersionDate "2020.03.16"]

1. d4 Nf6 2. c4 e6 3. Nc3 Bb4 4. e3 b6 5. Nge2 Bb7 6. a3 Be7 7. Ng3 d5 8. cxd5 Nxd5 9. Bb5+ c6 10. Bd3 Nd7 11. Nxd5 cxd5 12. Bd2 O-O 13. Qa4 a6 14. O-O b5 15. Qc2 h6 16. Rfc1 Rc8 17. Qd1 Nb6 18. Ba5 Qd6 19. Bb4 Qd7 20. Bxe7 Qxe7 21. Qg4 Nc4 22. Qe2 Rc7 23. b3 Nxa3 24. Rxc7 Qxc7 25. Qb2 b4 26. Qe2 Qc3 27. Rf1 a5 28. Nh5 f5 29. Nf4 Qc6 30. Ng6 Re8 31. g4 fxg4 32. Qxg4 Ba6 33. Ne5 Qc8 34. Bxa6 Qxa6 35. Qg6 Qc8 36. Nf7 Re7 37. Nxh6+ Kf8 38. Qh7 Ke8 39. Ng4 Qc2 40. Qg8+ Kd7 41. Ne5+ Kc7 42. Qa8 Kb6 43. Qd8+ Qc7 44. Qg8 Kb7 45. Ng6 Rf7 46. Ne5 Re7 47. Ng6 1/2-1/2

[Event "Lasker Köln II - Porz 3"]
[Site "?"]
[Date "2024.02.04"]
[Round "5.3"]
[White "Wittig, Till"]
[Black "Fohler, Claus"]
[Result "1/2-1/2"]
[WhiteElo "1970"]
[BlackElo "2248"]
[PlyCount "51"]
[EventDate "2024.??.??"]
[SourceVersionDate "2020.03.16"]

1. e4 d5 2. exd5 Qxd5 3. Nc3 Qd8 4. Nf3 Nf6 5. d4 Bg4 6. Be2 e6 7. O-O Nbd7 8. h3 Bh5 9. Bf4 c6 10. Ne5 Nxe5 11. dxe5 Qxd1 12. Bxd1 Bxd1 13. Rfxd1 Nd5 14. Bd2 Nxc3 15. Bxc3 Bc5 16. Rd3 Rd8 17. Rad1 Rd5 18. Kf1 Ke7 19. Ke2 Rc8 20. b3 b5 21. f4 h5 22. Be1 Rcd8 23. c4 bxc4 24. bxc4 Rxd3 25. Rxd3 Rxd3 26. Kxd3 1/2-1/2

[Event "Lasker Köln II - Porz 3"]
[Site "?"]
[Date "2024.02.04"]
[Round "5.4"]
[White "Rosenkraenzer, Torsten"]
[Black "Sistig, Max"]
[Result "1/2-1/2"]
[WhiteElo "2032"]
[BlackElo "1910"]
[PlyCount "73"]
[EventDate "2024.??.??"]
[SourceVersionDate "2020.03.16"]

1. d4 Nf6 2. c4 g6 3. Nf3 Bg7 4. e3 O-O 5. Be2 d6 6. Nc3 c5 7. d5 e6 8. O-O exd5 9. cxd5 Re8 10. Nd2 a6 11. a4 Nbd7 12. e4 Rb8 13. f4 Qe7 14. Bd3 Nb6 15. a5 Bg4 16. Qb3 Na8 17. Nc4 Qd8 18. h3 Bc8 19. e5 dxe5 20. fxe5 Nxd5 21. Nd6 Be6 22. Nxd5 Bxe5 23. Nxe8 Bxd5 24. Bc4 Bxc4 25. Qxc4 Qd4+ 26. Qxd4 Bxd4+ 27. Kh1 Rxe8 28. Bf4 f6 29. Rfe1 Kf7 30. Bd6 Re6 31. Rxe6 Kxe6 32. Bf8 Nc7 33. Re1+ Kd5 34. b4 Ne6 35. Bxc5 Nxc5 36. bxc5 Bxc5 37. Rb1 1/2-1/2

[Event "Lasker Köln II - Porz 3"]
[Site "?"]
[Date "2024.02.04"]
[Round "5.5"]
[White "Kagan, Dennis"]
[Black "Diesner, Michael"]
[Result "0-1"]
[WhiteElo "2032"]
[BlackElo "1994"]
[PlyCount "78"]
[EventDate "2024.??.??"]
[SourceVersionDate "2020.03.16"]

1. e4 c5 2. Nc3 Nc6 3. g3 g6 4. Bg2 Bg7 5. Nge2 e5 6. d3 Nge7 7. O-O d6 8. f4 Be6 9. Be3 Qd7 10. Qd2 Nd4 11. fxe5 dxe5 12. Bg5 O-O 13. Bf6 h6 14. Bxg7 Kxg7 15. Rf2 c4 16. Rd1 Rfd8 17. Nc1 Rac8 18. Qe3 Qc7 19. dxc4 Bxc4 20. Nd3 f6 21. Nb4 Ne2+ 22. Rxe2 Rxd1+ 23. Nxd1 Bxe2 24. Qxe2 Qc5+ 25. Ne3 Qxb4 26. c3 Qc5 27. Kh1 Rd8 28. a3 b5 29. Bf3 a6 30. Nd5 f5 31. b4 Qd6 32. Nxe7 Qxe7 33. exf5 gxf5 34. g4 fxg4 35. Bxg4 Qg5 36. Qe4 Kh8 37. Be2 Rg8 38. Bg4 Qxg4 39. Qxe5+ Rg7 0-1

[Event "Lasker Köln II - Porz 3"]
[Site "?"]
[Date "2024.02.04"]
[Round "5.6"]
[White "Senay, Baris"]
[Black "Machetti Meneses, Diego"]
[Result "1-0"]
[WhiteElo "2002"]
[BlackElo "1691"]
[PlyCount "89"]
[EventDate "2024.??.??"]
[SourceVersionDate "2020.03.16"]

1. Nf3 Nf6 2. c4 c6 3. Nc3 d5 4. e3 e6 5. b3 Nbd7 6. Bb2 Bd6 7. d4 Qc7 8. Bd3 O-O 9. O-O e5 10. cxd5 exd4 11. exd4 Nxd5 12. Nxd5 cxd5 13. Rc1 Qb6 14. Re1 Nf6 15. h3 Be6 16. Ne5 Rac8 17. Qe2 Bb4 18. Red1 Qa5 19. a3 Rxc1 20. Rxc1 Bd6 21. Bc2 Rc8 22. Nd3 Bf5 23. Ne5 Rxc2 24. Rxc2 Bxc2 25. Qxc2 Qc7 26. Qxc7 Bxc7 27. Nd3 Kf8 28. Kf1 Ke7 29. Ke2 Nh5 30. Bc1 h6 31. g4 Nf6 32. g5 hxg5 33. Bxg5 b6 34. Nb4 Ke6 35. Bxf6 gxf6 36. Kf3 a5 37. Nd3 Kf5 38. b4 a4 39. b5 Bd6 40. Nb2 Bxa3 41. Nxa4 Bb4 42. Nxb6 Bc3 43. Ke3 Ke6 44. Na4 f5 45. Nxc3 1-0

[Event "Lasker Köln II - Porz 3"]
[Site "?"]
[Date "2024.02.04"]
[Round "5.7"]
[White "Radovinski, Jewgeni"]
[Black "Wolters, Michael"]
[Result "0-1"]
[WhiteElo "1485"]
[BlackElo "1909"]
[PlyCount "50"]
[EventDate "2024.??.??"]
[SourceVersionDate "2020.03.16"]

1. e4 e5 2. Nf3 Nc6 3. Bc4 Nf6 4. Ng5 d5 5. exd5 Na5 6. Bb5+ c6 7. dxc6 bxc6 8. Be2 h6 9. Nf3 e4 10. Ne5 Qd4 11. f4 Bc5 12. Rf1 Bb6 13. c3 Qd6 14. b4 Nb7 15. Ba3 O-O 16. d4 exd3 17. Qxd3 Qc7 18. Qf3 c5 19. g4 Re8 20. Bc4 Bxg4 21. Qg3 Nd6 22. Nd2 Nf5 23. Qd3 Rad8 24. Qb1 Rxe5+ 25. fxe5 Qxe5+ 0-1

[Event "Lasker Köln II - Porz 3"]
[Site "?"]
[Date "2024.02.04"]
[Round "5.8"]
[White "Kuehn, Matthias"]
[Black "Vaghef, Mohammad Reza"]
[Result "1-0"]
[WhiteElo "1912"]
[BlackElo "1537"]
[PlyCount "37"]
[EventDate "2024.??.??"]
[SourceVersionDate "2020.03.16"]

1. e4 d5 2. Nc3 d4 3. Nce2 Nc6 4. d3 Nf6 5. h3 g6 6. f4 e5 7. g3 Bb4+ 8. Kf2 Nh5 9. Nf3 f5 10. exf5 exf4 11. g4 Ng3 12. Rg1 Nxf1 13. Kxf1 gxf5 14. g5 b6 15. Nxf4 Ne7 16. Ne5 Ng6 17. Qh5 Ke7 18. Nfxg6+ hxg6 19. Nxg6+ 1-0

[Event "Dormagen - Kamp- Lintfort"]
[Site "?"]
[Date "2024.02.25"]
[Round "6.1"]
[White "Schneider, Christoph"]
[Black "Harff, Marcel"]
[Result "0-1"]
[WhiteElo "2028"]
[BlackElo "2300"]
[PlyCount "74"]
[EventDate "2024.??.??"]
[SourceVersionDate "2020.03.16"]

1. e4 e6 2. d3 d5 3. Nd2 c5 4. Ngf3 Nc6 5. g3 g6 6. Bg2 Bg7 7. O-O Nge7 8. Re1 O-O 9. Qe2 b6 10. h4 Nb4 11. Nf1 dxe4 12. Qxe4 Nxc2 13. Qxa8 Nxa1 14. Bg5 Nc2 15. Re2 Nb4 16. Qxa7 f6 17. Be3 Ba6 18. Ne1 Rf7 19. Bxc5 Ned5 20. Bxd5 Rxa7 21. Bxe6+ Kh8 22. Bxb4 f5 23. Bb3 h6 24. Re6 Kh7 25. Ne3 Bc8 26. Rd6 Rd7 27. Rc6 Bb7 28. Re6 f4 29. N3g2 fxg3 30. fxg3 Bxb2 31. Kh2 Bf6 32. Nf4 Rd4 33. Bd2 Rd6 34. Re2 Qc8 35. Bb4 Rd4 36. Rc2 Qb8 37. Neg2 Rxb4 0-1

[Event "Dormagen - Kamp- Lintfort "]
[Site "?"]
[Date "2024.02.25"]
[Round "6.2"]
[White "Balduan, Markus"]
[Black "Hagen, Gunter"]
[Result "1-0"]
[WhiteElo "2290"]
[BlackElo "2136"]
[PlyCount "109"]
[EventDate "2024.??.??"]
[SourceVersionDate "2020.03.16"]

1. c4 c6 2. d4 d5 3. cxd5 cxd5 4. Bf4 Nf6 5. Nc3 Nc6 6. e3 a6 7. Bd3 e6 8. Rc1 Bd6 9. Bxd6 Qxd6 10. f4 Nd7 11. Nf3 f5 12. Ne5 Nf6 13. Nxc6 bxc6 14. O-O c5 15. Qa4+ Ke7 16. Qa5 c4 17. Be2 Bd7 18. b3 cxb3 19. axb3 Rhb8 20. Rb1 Bb5 21. Rfc1 Bxe2 22. Nxe2 Ra7 23. Qa2 Ne4 24. Nc3 Nxc3 25. Rxc3 Rbb7 26. Rc5 h6 27. Qa4 Qd7 28. Qa3 Kf6 29. Rbc1 Rc7 30. Qa5 Rxc5 31. dxc5 Qb5 32. Qd8+ Kf7 33. Qb6 Rb7 34. Qxb5 axb5 35. b4 Ra7 36. c6 Rc7 37. Rc5 g5 38. fxg5 hxg5 39. h3 Kf6 40. g3 Ke5 41. Kf2 Ke4 42. h4 gxh4 43. gxh4 f4 44. exf4 Kxf4 45. h5 e5 46. h6 e4 47. h7 e3+ 48. Ke2 Rxh7 49. c7 Rh2+ 50. Kd3 Rd2+ 51. Kc3 d4+ 52. Kb3 e2 53. c8=Q e1=Q 54. Qf5+ Kg3 55. Qg6+ 1-0

[Event "Dormagen - Kamp- Lintfort"]
[Site "?"]
[Date "2024.02.25"]
[Round "6.3"]
[White "Westermann, Johannes"]
[Black "Coenen, Michael"]
[Result "1-0"]
[WhiteElo "2069"]
[BlackElo "2330"]
[PlyCount "71"]
[EventDate "2024.??.??"]
[SourceVersionDate "2020.03.16"]

1. d4 Nf6 2. Nf3 g6 3. c4 Bg7 4. Nc3 d5 5. cxd5 Nxd5 6. e4 Nxc3 7. bxc3 O-O 8. Be2 c5 9. O-O Bg4 10. Rb1 Qc7 11. h3 Bxf3 12. Bxf3 Nc6 13. d5 Na5 14. Qc2 c4 15. Be3 b6 16. Rfd1 Rad8 17. Bd4 e5 18. dxe6 fxe6 19. Bg4 Qf7 20. Bxg7 Kxg7 21. Rxd8 Rxd8 22. Rd1 Rd7 23. Qa4 Re7 24. e5 h5 25. Be2 Kh6 26. Bf3 Qg7 27. Qb5 Rc7 28. Rd6 Rc5 29. Qe8 Rxe5 30. Rd7 Re1+ 31. Kh2 Qe5+ 32. g3 h4 33. Qf8+ Kg5 34. Qd8+ Qf6 35. gxh4+ Kf5 36. Rf7 1-0

[Event "Dormagen - Kamp- Lintfort"]
[Site "?"]
[Date "2024.02.25"]
[Round "6.4"]
[White "Litwak, Aleksej"]
[Black "Peschges, Paul"]
[Result "1/2-1/2"]
[WhiteElo "2282"]
[BlackElo "1858"]
[PlyCount "81"]
[EventDate "2024.??.??"]
[SourceVersionDate "2020.03.16"]

1. e4 c6 2. d4 d5 3. Nc3 dxe4 4. Nxe4 Nf6 5. Nxf6+ exf6 6. c3 Bd6 7. Bd3 O-O 8. Qc2 Re8+ 9. Ne2 h5 10. Be3 Nd7 11. O-O-O Nf8 12. c4 Be6 13. Nc3 Rc8 14. Kb1 Bb4 15. a3 Bxc3 16. Qxc3 b5 17. Rhe1 a5 18. h3 Rb8 19. Bf4 Rb7 20. d5 cxd5 21. cxb5 Qd7 22. Qc6 Rc8 23. Qxd7 Nxd7 24. a4 Nc5 25. Bc2 Nxa4 26. Bxa4 Rc4 27. Bc2 Rxf4 28. Rxd5 g5 29. Rc5 Rb4 30. Bd3 Bd7 31. Kc2 Bxb5 32. Bxb5 R7xb5 33. Rxb5 Rxb5 34. Re8+ Kg7 35. Ra8 f5 36. f3 Kf6 37. g3 Ke5 38. Re8+ Kf6 39. Ra8 Rc5+ 40. Kd3 Rb5 41. Kc2 {Remisreklamation} 1/2-1/2